| 000 | 01471nam a2200277Ia 4500 | ||
|---|---|---|---|
| 999 |
_c42811 _d42811 |
||
| 001 | 9517 | ||
| 003 | GE_BSU | ||
| 005 | 20240610174917.0 | ||
| 008 | 181216s2012||||ge |||||||||||||| ||geo|| | ||
| 040 | _cGE_BSU | ||
| 041 | _ageo | ||
| 080 | _a51(075.4) მ–15 | ||
| 245 |
_aმათემატიკა : გეომეტრია : _bსატესტო და ეროვნული გამოცდებისათვის თეორია, ამოცანათა კრებული, ბილეთები, ტეესტები / _cბეჟან ღვაბერიძე, ფრიდონ დვალიშვილი, ალექსანდრე მოსიძე, კობა გელაშვილი, გია სირბილაძე ; რედ. ნ. ქალდანი. _h |
||
| 250 | _aმე–5 გამოცემა | ||
| 264 |
_aთბილისი : _c2012. |
||
| 300 |
_a369 გვ. ; _c27 სმ. |
||
| 541 | _h18ლ | ||
| 653 | _aმათემატიკა | ||
| 653 | _aგეომეტრია | ||
| 653 | _aსატესტო და ეროვნული გამოცდებისათვის თეორია | ||
| 653 | _aამოცანათა კრებული | ||
| 653 | _aბილეთები | ||
| 653 | _aტესტები | ||
| 700 |
_aქალდანი, ნ. _eრედაქტორი _922383 |
||
| 942 |
_cBK _2udc |
||